Métaux de l'antiquité - Statistiques

Statistiques générales
  • Ce quiz a été pris 11 962 fois
  • Le résultat moyen est 5 sur 7
Statistiques - réponses
Métaux % Correct
Or
95%
Fer
92%
Argent
90%
Cuivre
84%
Étain
51%
Plomb
47%
Mercure
35%
Aucun quiz correspondant
Distribution des résultats
% des personnes avec chaque résultat
Percentile par nombre de réponses
Votre historique - résultats
Vous n’avez pas pris ce quiz